| 000 | 00395 a2200145 4500 | ||
|---|---|---|---|
| 040 |
_aDLC _bDLC |
||
| 082 | _a519.76 | ||
| 100 |
_aHadley, G. _939120 |
||
| 245 |
_aLinear programming _cG, Hadley. |
||
| 260 |
_aIslamabad : _b National Book Foundation. _c2007. |
||
| 300 |
_a520 p. : _bill. _c 24 cm. |
||
| 500 | _aIncludes Index | ||
| 650 |
_aLinear programming. _910838 |
||
| 942 |
_cBK _k519.76 HAD _2ddc |
||
| 999 |
_c7648 _d7648 |
||